[Event "34th Leon Blitz Open 2021"]
[Site "chess.com INT"]
[Date "2021.07.07"]
[Round "1"]
[White "Guseinov, Gadir"]
[Black "Roman, Rodrigo"]
[Result "1-0"]
[WhiteTitle "GM"]
[BlackTitle "CM"]
[WhiteElo "2665"]
[BlackElo "2071"]
[WhiteFideId "13401378"]
[BlackFideId "3701220"]
[EventDate "2021.07.07"]

1. e4 c5 2. Nc3 Nc6 3. Bb5 g6 4. Bxc6 dxc6 5. d3 Bg7 6. Be3 b6 7. Qd2 e5 8. f4
Nf6 9. Nf3 Ng4 10. Bg1 exf4 11. Qxf4 Bh6 12. Qg3 Qf6 13. Ke2 Qf4 14. Qxf4 Bxf4
15. h3 Ne5 16. Bh2 Nxf3 17. gxf3 Bh6 18. Bg1 O-O 19. h4 Be6 20. h5 Bg7 21. Be3
Rad8 22. a3 c4 23. Rag1 c5 24. f4 cxd3+ 25. cxd3 c4 26. d4 Bxd4 27. Bxd4 Rxd4
28. f5 Bc8 29. hxg6 hxg6 30. fxg6 fxg6 31. Rxg6+ Kf7 32. Rc6 Bg4+ 33. Ke3 Rd3+
34. Kf4 Bd7 35. Rch6 Ke8+ 36. Ke5 Kd8 37. Rh8 Re8+ 38. Rxe8+ Bxe8 39. Nd5 Rd2
40. Rh8 Rxb2 41. Nf6 c3 42. Rxe8+ Kc7 43. Nd5+ Kd7 44. Re7+ Kd8 45. Rc7 c2 46.
Rc3 a5 47. Kd6 b5 48. e5 b4 49. axb4 axb4 50. Rc6 b3 51. e6 c1=Q 52. e7+ Ke8 53.
Nf6+ Kf7 54. e8=Q+ Kxf6 55. Rxc1 1-0

[Event "34th Leon Blitz Open 2021"]
[Site "chess.com INT"]
[Date "2021.07.07"]
[Round "1"]
[White "Castillo Pena, Patricia Evarista"]
[Black "Pham, Le Thao Nguyen"]
[Result "0-1"]
[WhiteTitle "WCM"]
[BlackTitle "IM"]
[WhiteElo "1794"]
[BlackElo "2369"]
[WhiteFideId "6412106"]
[BlackFideId "12401226"]
[EventDate "2021.07.07"]

1. d4 d5 2. Nf3 c6 3. e3 Bf5 4. c4 e6 5. Qb3 Qb6 6. c5 Qc7 7. Nc3 Nd7 8. Bd2
Ngf6 9. Be2 h6 10. Rc1 Be7 11. Qd1 e5 12. b4 e4 13. Nh4 Bh7 14. g3 O-O 15. O-O
Ne8 16. a4 Bxh4 17. gxh4 Bf5 18. Kh1 Nef6 19. Rg1 Kh8 20. b5 Rg8 21. Qf1 Nf8 22.
h5 N8h7 23. Rg3 Qd7 24. Qg1 Rae8 25. a5 Re6 26. a6 bxa6 27. bxa6 Ng5 28. Rb1 Re7
29. Rxg5 hxg5 30. Qxg5 Qe6 31. Rg1 Nh7 32. Qg3 g5 33. Bg4 Bxg4 34. Qxg4 f5 35.
Qg2 Qh6 36. Qh3 g4 37. Qh4 Reg7 38. Ne2 Ng5 39. Nf4 Nf3 40. Ng6+ Rxg6 0-1

[Event "34th Leon Blitz Open 2021"]
[Site "chess.com INT"]
[Date "2021.07.07"]
[Round "1"]
[White "Riehle, Marco"]
[Black "Szente Varga, Fruzsina"]
[Result "1-0"]
[WhiteTitle "FM"]
[BlackTitle "WFM"]
[WhiteElo "2347"]
[BlackElo "2100"]
[WhiteFideId "12904392"]
[BlackFideId "712264"]
[EventDate "2021.07.07"]

1. e4 e5 2. Nf3 Nc6 3. Bc4 Bc5 4. O-O Nf6 5. d4 Bxd4 6. Nxd4 Nxd4 7. Bg5 O-O 8.
f4 d6 9. Nc3 h6 10. fxe5 dxe5 11. Bxf6 gxf6 12. Nd5 f5 13. Qh5 Qg5 14. Ne7+ Kg7
15. Qxg5+ hxg5 16. exf5 f6 17. c3 Nc2 18. Rad1 Ne3 19. Nxc8 Nxd1 20. Rxd1 Raxc8
21. Rd7+ Kh6 22. h3 g4 23. hxg4 Kg5 24. Rg7+ Kf4 25. Kf2 Rcd8 26. g3+ Ke4 27.
Ke2 Rd6 28. Rxc7 Rfd8 29. Rxb7 Rd2+ 30. Ke1 Rd1+ 31. Kf2 R8d2+ 32. Be2 Rh1 33.
Rb4+ Kd5 34. Ke3 Rxe2+ 35. Kxe2 Rg1 36. Kf2 Rd1 37. Ke2 Rg1 38. Kf2 Rd1 39. Rb7
Ke4 40. g5 Rd2+ 41. Ke1 Rh2 42. gxf6 Ke3 43. Kf1 Rf2+ 44. Kg1 Rxf5 45. f7 Kf3
46. Re7 e4 47. g4 Kxg4 48. Rxe4+ Kf3 49. Re7 Rg5+ 50. Kf1 Rf5 51. Ke1 a5 52. Kd2
Kg4 53. Re4+ Kg5 54. Re5 Rxe5 55. f8=Q 1-0

[Event "34th Leon Blitz Open 2021"]
[Site "chess.com INT"]
[Date "2021.07.07"]
[Round "1"]
[White "Onischuk, Vladimir"]
[Black "Arias, Juan Cruz"]
[Result "1-0"]
[WhiteTitle "GM"]
[BlackTitle "CM"]
[WhiteElo "2622"]
[BlackElo "2277"]
[WhiteFideId "14114038"]
[BlackFideId "118540"]
[EventDate "2021.07.07"]

1. Nf3 b6 2. g3 Bb7 3. Bg2 e6 4. O-O Nf6 5. d3 d5 6. Nbd2 Bc5 7. a3 a5 8. b3 O-O
9. Bb2 Nbd7 10. Re1 e5 11. e4 d4 12. h3 b5 13. a4 c6 14. Rf1 Ne8 15. Nh2 Nd6 16.
f4 f6 17. Ndf3 Qe7 18. h4 Nb6 19. Bh3 Bc8 20. Bxc8 Rfxc8 21. Bc1 Bb4 22. fxe5
fxe5 23. Ng4 Nd7 24. h5 Bc3 25. Rb1 Rf8 26. Kg2 Rf7 27. Ng5 Rxf1 28. Qxf1 Rf8
29. Qe2 Nf6 30. Nxf6+ Qxf6 31. Nf3 Qf7 32. Nxe5 Qe6 33. Bf4 Ne8 34. Rf1 Nf6 35.
g4 Re8 36. g5 Nd7 37. Nxd7 Qxd7 38. Bg3 Bb4 39. g6 Be7 40. gxh7+ Kxh7 41. Rf5
Bf6 42. Qg4 Qe6 43. Qg6+ Kh8 44. h6 1-0

[Event "34th Leon Blitz Open 2021"]
[Site "chess.com INT"]
[Date "2021.07.07"]
[Round "1"]
[White "Baches Garcia, Guillermo"]
[Black "Maly, Alexey"]
[Result "1-0"]
[WhiteTitle "IM"]
[BlackTitle "IM"]
[WhiteElo "2329"]
[BlackElo "2370"]
[WhiteFideId "2209764"]
[BlackFideId "14103184"]
[EventDate "2021.07.07"]

1. e4 c6 2. c4 d5 3. exd5 cxd5 4. cxd5 Nf6 5. Nc3 Nxd5 6. Nf3 Nc6 7. Bb5 e6 8.
d4 Be7 9. O-O O-O 10. Re1 a6 11. Bxc6 bxc6 12. Ne5 Nxc3 13. bxc3 Bb7 14. Rb1 Rb8
15. Bf4 Bd6 16. Qa4 Qc7 17. Bg3 Rfd8 18. Nd3 Bxg3 19. hxg3 c5 20. Nxc5 Bc6 21.
Qxa6 Ra8 22. Qb6 Qd6 23. Ne4 Qd5 24. c4 Qd7 25. Nc5 Qxd4 26. Qxc6 Rac8 27. Nb3
Qa7 28. Qf3 Qxa2 29. c5 Rb8 30. c6 Rdc8 31. Rec1 h6 32. Qc3 Rb6 33. Rb2 Qa3 34.
c7 Rb7 35. Rd2 Rxb3 36. Rd8+ Kh7 37. Qc2+ f5 38. Rxc8 Rb2 39. Rh8+ Kg6 40. c8=Q
Rxc2 41. Qxc2 1-0

[Event "34th Leon Blitz Open 2021"]
[Site "chess.com INT"]
[Date "2021.07.07"]
[Round "1"]
[White "Girya, Olga"]
[Black "Gabrielian, Artur"]
[Result "0-1"]
[WhiteTitle "WGM"]
[BlackTitle "GM"]
[WhiteElo "2448"]
[BlackElo "2460"]
[WhiteFideId "4195752"]
[BlackFideId "4131002"]
[EventDate "2021.07.07"]

1. d4 Nf6 2. Nf3 e6 3. c4 c5 4. e3 d5 5. Nc3 Nc6 6. Bd3 dxc4 7. Bxc4 cxd4 8.
exd4 Be7 9. O-O O-O 10. Bg5 h6 11. Bh4 b6 12. a3 Bb7 13. Qd3 Na5 14. Ba2 Bxf3
15. gxf3 Nc6 16. Rad1 Re8 17. Bb1 Kf8 18. Kh1 Nh5 19. Bg3 Nxg3+ 20. fxg3 Bf6 21.
d5 exd5 22. Nxd5 g6 23. Qb5 Ne5 24. f4 Ng4 25. h3 Qc8 26. hxg4 Qxg4 27. Rd2 Bg7
28. Kg2 Kg8 29. Nc7 Re3 30. Rd3 Qxg3+ 31. Kh1 Qh3+ 32. Kg1 Bd4 33. Rxd4 Qg3+ 34.
Kh1 Qh4+ 35. Kg2 Rg3+ 36. Kf2 Rb3+ 37. Ke2 Qg4+ 38. Kd2 Rxb5 39. Nxb5 Qg2+ 40.
Kc3 Qxf1 41. Bd3 Qc1+ 42. Kb3 a5 43. Ka2 a4 44. Nd6 Rd8 45. Bc4 Rxd6 0-1

[Event "34th Leon Blitz Open 2021"]
[Site "chess.com INT"]
[Date "2021.07.07"]
[Round "1"]
[White "Zuriel, Marisa"]
[Black "Toropov, Pavel"]
[Result "0-1"]
[WhiteTitle "WIM"]
[BlackTitle "FM"]
[WhiteElo "2203"]
[BlackElo "2336"]
[WhiteFideId "109142"]
[BlackFideId "24129178"]
[EventDate "2021.07.07"]

1. e4 e6 2. d4 d5 3. Nc3 dxe4 4. Nxe4 Nd7 5. Nf3 Ngf6 6. Nxf6+ Nxf6 7. Bd3 b6 8.
Bg5 Bb7 9. c3 Be7 10. Qc2 c5 11. Bb5+ Kf8 12. dxc5 bxc5 13. Rd1 Qb6 14. Be2 h6
15. Bh4 Be4 16. Qc1 g6 17. O-O Kg7 18. Ne5 Rad8 19. Bxf6+ Bxf6 20. Nd7 Qc7 21.
Nxf6 Kxf6 22. Rxd8 Qxd8 23. Qf4+ Bf5 24. Rd1 Qb8 25. Qc4 Qxb2 26. g4 Bc2 27.
Qf4+ Kg7 28. Qe5+ Kh7 29. Rd7 Rf8 30. Qxe6 Kg8 31. Qe3 Ba4 32. Re7 Bc6 33. Bf1
Qxa2 34. Qxc5 Bf3 35. Qd4 a5 36. h4 Qd5 37. Qxd5 Bxd5 38. Ra7 Rc8 39. Rxa5 Bf3
40. g5 Rxc3 41. gxh6 Rc1 42. Re5 Kh7 43. Re3 Bd5 44. f3 Bc4 45. Kg2 Bxf1+ 46.
Kg3 Kxh6 47. Kf4 Bc4 48. Kg3 Be6 49. Kf4 Rh1 50. Kg3 Rh3+ 51. Kg2 Rxh4 0-1

[Event "34th Leon Blitz Open 2021"]
[Site "chess.com INT"]
[Date "2021.07.07"]
[Round "1"]
[White "Krishnakumar, Sriram"]
[Black "Maltsevskaya, Aleksandra"]
[Result "0-1"]
[WhiteTitle "CM"]
[BlackTitle "WGM"]
[WhiteElo "2035"]
[BlackElo "2382"]
[WhiteFideId "30915856"]
[BlackFideId "24174041"]
[EventDate "2021.07.07"]

1. e4 c5 2. Nf3 e6 3. d4 cxd4 4. Nxd4 Nf6 5. Nc3 Nc6 6. Ndb5 Bc5 7. Nd6+ Ke7 8.
Bf4 e5 9. Nf5+ Kf8 10. Bg5 h6 11. Bh4 g6 12. Bxf6 Qxf6 13. Nd5 Qd8 14. Nfe3 d6
15. Bc4 Be6 16. O-O Kg7 17. c3 Qh4 18. Qf3 Rac8 19. g3 Qd8 20. Rfd1 Rf8 21. h4
h5 22. Qe2 a6 23. a4 Ba7 24. Ba2 Na5 25. b4 Bxe3 26. Nxe3 Bxa2 27. Rxa2 Nc6 28.
Rad2 Ne7 29. Rxd6 Qe8 30. c4 Qxa4 31. Qb2 Nc6 32. b5 axb5 33. cxb5 Nd4 34. R6xd4
exd4 35. Rxd4 Rc1+ 36. Rd1+ Kg8 37. Rxc1 Qxe4 38. Qc2 Qf3 39. Qd1 Qf6 40. Qd7
Kg7 41. Rd1 Kh7 42. Nd5 Qf3 43. Re1 Ra8 44. Qe7 Ra2 45. Qe3 Qxd5 46. Qf4 Kg7 47.
Re7 Ra1+ 48. Kh2 Rh1# 0-1

[Event "34th Leon Blitz Open 2021"]
[Site "chess.com INT"]
[Date "2021.07.07"]
[Round "1"]
[White "Iskusnyh, Sergei"]
[Black "Navarro Segura, Roberto"]
[Result "1-0"]
[WhiteTitle "GM"]
[BlackTitle "IM"]
[WhiteElo "2473"]
[BlackElo "2123"]
[WhiteFideId "4120027"]
[BlackFideId "5100364"]
[EventDate "2021.07.07"]

1. d4 d5 2. c4 dxc4 3. e3 Nf6 4. Bxc4 e6 5. Nf3 c5 6. O-O Nc6 7. a3 a6 8. dxc5
Qxd1 9. Rxd1 Bxc5 10. b4 Be7 11. Bb2 b5 12. Be2 O-O 13. Nbd2 Bb7 14. Nb3 Rad8
15. Nfd4 Nxd4 16. Bxd4 Ne4 17. f3 Nd6 18. Na5 Ba8 19. e4 Rc8 20. Bc5 Rfd8 21.
Rac1 Bf8 22. Kf2 f6 23. Bd3 Kf7 24. Bb1 Nc4 25. Bxf8 Nxa5 26. Rxc8 Rxc8 27. Bc5
Nc4 28. Rd7+ Kg8 29. Ba2 Nxa3 30. Bxe6+ Kh8 31. Ra7 Rd8 32. Rxa6 Nc4 33. Ra7 h6
34. h4 Ne5 35. Kg3 Re8 36. Bf5 g6 37. Bd7 Nxd7 38. Rxd7 Bc6 39. Rc7 Re6 40. Kf4
Kg8 41. h5 Be8 42. hxg6 Bxg6 43. Rb7 Be8 44. Kf5 Ra6 45. Re7 Bf7 46. Bd4 Kg7 47.
Rb7 1-0

[Event "34th Leon Blitz Open 2021"]
[Site "chess.com INT"]
[Date "2021.07.07"]
[Round "1"]
[White "Fernandez Hernandez, Arturo A."]
[Black "Ibarra Jerez, Jose Carlos"]
[Result "0-1"]
[WhiteTitle "FM"]
[BlackTitle "GM"]
[WhiteElo "2340"]
[BlackElo "2558"]
[WhiteFideId "3509230"]
[BlackFideId "2226332"]
[EventDate "2021.07.07"]

1. e4 c5 2. Nc3 a6 3. Nge2 b5 4. g3 Bb7 5. Bg2 e6 6. O-O Nf6 7. d4 cxd4 8. Nxd4
b4 9. Na4 Bxe4 10. Bxe4 Nxe4 11. Re1 Nc5 12. Nxc5 Bxc5 13. Be3 Qb6 14. Qf3 Ra7
15. Rad1 O-O 16. Qh5 d6 17. Qg4 a5 18. c3 Nc6 19. h4 Ne5 20. Qh5 Qb7 21. f4 Nc4
22. Qe2 Nxe3 23. Qxe3 Re8 24. Kh2 e5 25. fxe5 dxe5 26. Qe4 bxc3 27. bxc3 Qb2+
28. Re2 Qxc3 29. Nb5 Qb4 30. Qc6 Rf8 31. Nxa7 Bxa7 32. Qd6 Qg4 33. Qxe5 Bb8 34.
Rd4 Qf3 35. Qe3 Bxg3+ 36. Kh3 Qxe3 37. Rxe3 Bf2 38. Red3 Bxd4 39. Rxd4 Ra8 40.
a4 g6 41. Rd5 h5 42. Kg3 Kg7 43. Rb5 Kf6 44. Kf4 Rc8 45. Rxa5 Rc4+ 46. Kg3 Rc3+
47. Kf4 Rc4+ 48. Kg3 Rg4+ 49. Kh3 Ke6 50. Ra6+ Kf5 51. Ra5+ Kf4 52. Ra7 f5 53.
a5 Rg3+ 0-1

[Event "34th Leon Blitz Open 2021"]
[Site "chess.com INT"]
[Date "2021.07.07"]
[Round "1"]
[White "Guevara Sanchez, Erick Marvin"]
[Black "Bykov, Egor"]
[Result "0-1"]
[WhiteTitle "FM"]
[BlackTitle "FM"]
[WhiteElo "2173"]
[BlackElo "2420"]
[WhiteFideId "6700136"]
[BlackFideId "34115290"]
[EventDate "2021.07.07"]

1. e4 Nf6 2. e5 Nd5 3. c4 Nb6 4. c5 Nd5 5. Nc3 e6 6. d4 Nxc3 7. bxc3 d6 8. cxd6
cxd6 9. f4 Nc6 10. Nf3 Be7 11. Bd3 O-O 12. O-O f6 13. exd6 Bxd6 14. Qc2 f5 15.
Qe2 Bd7 16. Ng5 Qf6 17. Bc4 Rae8 18. Bb2 h6 19. Nh3 Ne7 20. Bb3 b5 21. a4 a6 22.
axb5 axb5 23. Ra6 Nc8 24. Re1 Kh8 25. g3 Rf7 26. Nf2 g5 27. Nd3 gxf4 28. Ne5
Bxe5 29. dxe5 Qg6 30. Rd1 fxg3 31. h3 f4 32. Qf3 Rg8 33. Kg2 Qf5 34. Rd2 Rg6 35.
Bc2 Qg5 36. Bxg6 Qxg6 37. Ra8 Kg7 38. Re2 Nb6 39. Ra7 Nc4 40. Bc1 Qf5 41. Rea2
Nxe5 42. Qa8 f3+ 43. Kxg3 f2 44. Rxd7 Qf3+ 45. Kh2 Qxa8 46. Rxa8 f1=Q 47. Rxf7+
Nxf7 48. Ra1 Qe2+ 49. Kg1 Qf3 50. Bd2 Ne5 51. Rf1 Qg3+ 52. Kh1 Qxh3+ 53. Kg1
Qg3+ 54. Kh1 Nf3 55. Bf4 Qh3+ 0-1

[Event "34th Leon Blitz Open 2021"]
[Site "chess.com INT"]
[Date "2021.07.07"]
[Round "1"]
[White "Sjugirov, Sanan"]
[Black "Vitenberg, Noam Aviv"]
[Result "0-1"]
[WhiteTitle "GM"]
[BlackTitle "FM"]
[WhiteElo "2661"]
[BlackElo "2315"]
[WhiteFideId "4189302"]
[BlackFideId "1532138"]
[EventDate "2021.07.07"]

1. d4 d5 2. c4 e6 3. Nc3 c6 4. e3 Nd7 5. Nf3 f5 6. Bd3 Nh6 7. Qc2 Bd6 8. h3 b6
9. Bd2 Ba6 10. b3 dxc4 11. bxc4 c5 12. d5 Qe7 13. O-O O-O 14. e4 f4 15. e5 Nxe5
16. Nxe5 Bxe5 17. Rfe1 Qd6 18. Rad1 f3 19. Ne4 Qc7 20. Bxh6 gxh6 21. g3 exd5 22.
cxd5 Bc8 23. d6 Qg7 24. Qb3+ Kh8 25. Qd5 Bxh3 26. Bf1 Bf5 27. d7 Rad8 28. Bb5
Rg8 29. Kh2 h5 30. Rg1 h4 31. Kh1 hxg3 32. Rxg3 Bxg3 33. Nxg3 Qh6+ 34. Kg1 Qf4
35. Kf1 Bh3+ 36. Ke1 Rg7 37. Rd3 Re7+ 38. Kd1 Qb4 39. Qb3 Qe1+ 40. Kc2 Qxf2+ 41.
Rd2 Qxg3 42. Qc3+ Qg7 43. Qxf3 Bxd7 44. Rg2 Bf5+ 45. Kb3 Be6+ 46. Kc2 Qd4 47.
Qg3 Qd1+ 48. Kb2 Rd2+ 49. Ka3 Rxg2 50. Qxg2 Qc1+ 51. Ka4 Qd1+ 52. Ka3 Qg4 53.
Qf2 Qg7 54. Qf4 Bg8 55. Qf3 Qd4 0-1

[Event "34th Leon Blitz Open 2021"]
[Site "chess.com INT"]
[Date "2021.07.07"]
[Round "1"]
[White "Dobre, Claudiu-Cristian"]
[Black "Gorodetzky, David"]
[Result "0-1"]
[WhiteTitle "IM"]
[BlackTitle "IM"]
[WhiteElo "2314"]
[BlackElo "2496"]
[WhiteFideId "1211854"]
[BlackFideId "2813416"]
[EventDate "2021.07.07"]

1. c4 c5 2. Nf3 Nf6 3. Nc3 e6 4. e4 Nc6 5. Be2 d5 6. exd5 exd5 7. d4 Be6 8. cxd5
Nxd5 9. O-O Be7 10. dxc5 Nxc3 11. bxc3 Bxc5 12. Ng5 Qxd1 13. Rxd1 O-O 14. Bf4
Rae8 15. Bd3 h6 16. Nxe6 Rxe6 17. Re1 Rf6 18. Bg3 Bd6 19. Be4 Bxg3 20. hxg3 Na5
21. Bd5 Rd8 22. Rad1 Kf8 23. Kf1 Rfd6 24. Bf3 Rxd1 25. Rxd1 Rxd1+ 26. Bxd1 Ke7
27. Bf3 Kd6 28. Ke2 Kc5 29. Bh5 g6 30. Bf3 b5 31. Kd3 Nc4 32. Bb7 Nd6 33. Ba8 a5
34. g4 f6 35. Bf3 Nc4 36. Kc2 Ne5 37. Be2 g5 38. Kb3 a4+ 39. Kc2 Nc6 40. Bf3 Ne7
41. Be2 Nd5 42. g3 b4 43. cxb4+ Kxb4 44. Bf3 Nc7 45. Kb2 Nb5 46. Be4 a3+ 47. Ka1
Kc3 48. Bc6 Nd4 49. Be4 Kd2 50. Kb1 Nb5 51. Bf5 Nc3+ 52. Ka1 Ke2 53. f4 Kf3 54.
fxg5 fxg5 55. Bd7 Kxg3 56. Bc8 Kf4 57. Bd7 Ke5 58. Bc8 Kd6 59. Bf5 Nd5 60. Bc2
Ne3 0-1

[Event "34th Leon Blitz Open 2021"]
[Site "chess.com INT"]
[Date "2021.07.07"]
[Round "1"]
[White "Vovk, Orest"]
[Black "Holt, Conrad"]
[Result "0-1"]
[WhiteTitle "FM"]
[BlackTitle "GM"]
[WhiteElo "2315"]
[BlackElo "2549"]
[WhiteFideId "14113490"]
[BlackFideId "2034387"]
[EventDate "2021.07.07"]

1. g4 d5 2. h3 e5 3. Bg2 Ne7 4. d4 e4 5. c4 Ng6 6. cxd5 Qxd5 7. Nc3 Bb4 8. Qb3
Qxb3 9. axb3 f5 10. gxf5 Bxf5 11. Bd2 Nc6 12. Bxe4 Bxe4 13. Nxe4 Nxd4 14. Rd1
Bxd2+ 15. Nxd2 Nc2+ 16. Kf1 O-O-O 17. Ngf3 Nf4 18. Rc1 Nd4 19. Nxd4 Rxd4 20. Nf3
Rb4 21. Rc4 Rxc4 22. bxc4 Rd8 23. Ke1 Re8 24. e3 Nd3+ 25. Ke2 Nxb2 26. Nd2 Rd8
27. Rb1 Nd3 28. Ne4 Ne5 29. c5 b6 30. f4 Nc4 31. Rc1 b5 32. c6 a6 33. Nc5 Rd6
34. Nxa6 Rxc6 35. Nb4 Re6 36. Rc3 Kb7 37. Kf3 c5 38. Nc2 Kc6 39. f5 Re5 40. Kf4
Rd5 41. e4 Rd2 42. Ne1 Rf2+ 43. Nf3 Nd2 44. e5 b4 45. Rd3 Rxf3+ 46. Rxf3 Nxf3
47. f6 gxf6 48. exf6 Nh4 49. f7 Ng6+ 50. Kg5 b3 51. h4 b2 52. h5 b1=Q 53. Kh6
Qf5 54. Kxh7 Qxf7+ 55. Kh6 Nf4 56. Kg5 Nxh5 57. Kh6 Nf6 58. Kg5 Ne4+ 59. Kh6
Qf6+ 60. Kh7 Ng5+ 61. Kg8 Qe7 0-1

[Event "34th Leon Blitz Open 2021"]
[Site "chess.com INT"]
[Date "2021.07.07"]
[Round "1"]
[White "Golubev, Mikhail"]
[Black "Kamsky, Gata"]
[Result "0-1"]
[WhiteTitle "GM"]
[BlackTitle "GM"]
[WhiteElo "2461"]
[BlackElo "2658"]
[WhiteFideId "14100983"]
[BlackFideId "2000024"]
[EventDate "2021.07.07"]

1. e4 c5 2. Nf3 e6 3. d4 cxd4 4. Nxd4 a6 5. Bd3 g6 6. O-O Bg7 7. Be2 Nf6 8. Nc3
d6 9. a4 b6 10. Be3 O-O 11. Qd2 Bb7 12. f3 Nbd7 13. Rfd1 Qc7 14. Bf1 Ne5 15. Nb3
d5 16. a5 bxa5 17. exd5 Bxd5 18. Nxd5 Nxd5 19. Bd4 Rfc8 20. c3 Nc6 21. Bxg7 Kxg7
22. c4 Qb6+ 23. Kh1 Ne3 24. Qc3+ Kg8 25. c5 Nxd1 26. cxb6 Nxc3 27. b7 Nd5 28.
Bxa6 Rcb8 29. bxa8=Q Rxa8 30. Bb7 Rb8 31. Nc5 Ndb4 32. h4 Rd8 33. Nb3 Rd5 34.
Rc1 Rb5 35. Bxc6 Nxc6 36. Rxc6 Rxb3 37. Rc5 Rxb2 38. Rxa5 Rb4 39. h5 Rh4+ 40.
Kg1 Rxh5 41. Ra8+ Kg7 42. Kf2 Rd5 43. Ke3 h5 44. Ra4 g5 45. g3 Kf6 46. Ra8 Rb5
47. Kf2 Rb2+ 48. Kg1 h4 49. gxh4 gxh4 50. Rg8 Rb4 51. Kf2 e5 52. Ke3 Kf5 53. Rh8
f6 54. Rh7 Kg6 55. Rh8 Rc4 56. Rg8+ Kf7 57. Rh8 f5 58. Rh6 Ra4 59. Kf2 e4 60. f4
Ra2+ 61. Ke3 Ra3+ 62. Kd4 h3 63. Ke5 Ra5+ 64. Kd4 Ra4+ 65. Ke5 e3 66. Rxh3 e2
67. Rh7+ Kg6 68. Rh1 Re4+ 0-1

[Event "34th Leon Blitz Open 2021"]
[Site "chess.com INT"]
[Date "2021.07.07"]
[Round "1"]
[White "Vazquez, Facundo"]
[Black "Mogirzan, Matei-Valeriu"]
[Result "1/2-1/2"]
[WhiteTitle "CM"]
[BlackTitle "CM"]
[WhiteElo "2199"]
[BlackElo "1813"]
[WhiteFideId "3007669"]
[BlackFideId "1257455"]
[EventDate "2021.07.07"]

1. d4 Nf6 2. c4 g6 3. Nc3 Bg7 4. g3 d5 5. Bg2 c6 6. cxd5 cxd5 7. Nf3 O-O 8. Ne5
Nc6 9. Nxc6 bxc6 10. O-O Bd7 11. Bf4 Qc8 12. Re1 Bh3 13. Bh1 Nh5 14. Be3 f5 15.
Rc1 f4 16. Nxd5 Qg4 17. f3 Qe6 18. Bxf4 Nxf4 19. gxf4 cxd5 20. e3 Rac8 21. Qd2
Qf6 22. Rc3 Rxc3 23. bxc3 g5 24. e4 gxf4 25. exd5 Qh4 26. Bg2 Rf6 27. Bxh3 Qxh3
28. Qe2 Rg6+ 29. Kh1 Qh5 30. Qe4 Qg5 31. Qc2 Qxd5 32. Re4 Qb5 33. Qb3+ Qxb3 34.
axb3 Rb6 35. b4 Rc6 36. Rxe7 Rxc3 37. d5 Rd3 38. Rxa7 Rxd5 39. Kg2 Rb5 40. Kh3
Rxb4 41. Kg4 Bf8 42. h4 Bd6 43. Rd7 Rb6 44. h5 Rc6 45. h6 Bf8 46. Kxf4 Rxh6 47.
Kg4 Rg6+ 48. Kf5 Rg1 49. f4 h5 50. Ke4 h4 51. Kf3 h3 52. Rd2 Rh1 53. Kg3 Rg1+
54. Kxh3 Kf7 55. Rd5 Rf1 56. Kg4 Be7 57. Kf5 Rh1 58. Ke4 Re1+ 59. Kf5 Rf1 60.
Rb5 Bd6 61. Rb7+ Kf8 62. Ke6 Bxf4 63. Rb5 Be3 64. Rf5+ Rxf5 65. Kxf5 1/2-1/2

[Event "34th Leon Blitz Open 2021"]
[Site "chess.com INT"]
[Date "2021.07.07"]
[Round "1"]
[White "Gabriel, Robert"]
[Black "Baskin, Robert"]
[Result "1/2-1/2"]
[WhiteTitle "FM"]
[BlackTitle "IM"]
[WhiteElo "2236"]
[BlackElo "2390"]
[WhiteFideId "4606477"]
[BlackFideId "24662402"]
[EventDate "2021.07.07"]

1. d4 d5 2. c4 c6 3. Nf3 Nf6 4. e3 a6 5. Nbd2 Bf5 6. Nh4 Bg4 7. Be2 Bxe2 8. Qxe2
e6 9. O-O Nbd7 10. cxd5 cxd5 11. f4 Bd6 12. Nhf3 O-O 13. Ne5 Rc8 14. Qd3 b5 15.
b3 Bb4 16. Bb2 Qa5 17. Rfd1 Bxd2 18. Qxd2 Qxd2 19. Rxd2 Nxe5 20. dxe5 Ne4 21.
Re2 Rc6 22. Rc1 Rxc1+ 23. Bxc1 Rc8 24. Bb2 h5 25. g3 a5 26. Kg2 g6 27. h3 b4 28.
g4 hxg4 29. hxg4 a4 30. bxa4 Ra8 31. Bd4 Rxa4 32. Rb2 Kf8 33. Kf3 Ke7 34. f5 g5
35. f6+ Kd7 36. Ke2 Kc6 37. Kd3 Kb5 38. Rc2 Ra3+ 39. Ke2 Nc3+ 40. Bxc3 bxc3 41.
Kd3 Kb4 42. Kd4 Ra7 43. Rxc3 Rxa2 44. Kd3 Ra3 45. Rxa3 Kxa3 46. Kc3 Ka4 47. Kd3
Kb5 48. Kc3 Kc5 49. Kd3 Kb4 50. Kd4 Kb5 51. Kd3 Ka4 52. Kc3 Ka3 53. Kd3 Kb3 54.
Kd4 Kc2 55. Kc5 Kd3 56. Kd6 Kxe3 57. Ke7 d4 58. Kxf7 d3 59. Kxe6 d2 60. f7 d1=Q
61. f8=Q Qxg4+ 62. Qf5 Qc4+ 63. Kf6 g4 64. e6 Qd4+ 65. Qe5+ Qxe5+ 66. Kxe5 g3
67. e7 g2 68. e8=Q g1=Q 69. Kd5+ Kd2 70. Qe4 Qg5+ 71. Qe5 1/2-1/2

[Event "34th Leon Blitz Open 2021"]
[Site "chess.com INT"]
[Date "2021.07.07"]
[Round "1"]
[White "Silva Lucena, Cristian"]
[Black "Henderson de La Fuente, Lance"]
[Result "1/2-1/2"]
[WhiteTitle "FM"]
[BlackTitle "GM"]
[WhiteElo "2238"]
[BlackElo "2491"]
[WhiteFideId "2232588"]
[BlackFideId "32096585"]
[EventDate "2021.07.07"]

1. Nf3 c5 2. c4 Nc6 3. g3 e5 4. b3 g6 5. Bb2 Bg7 6. Bg2 Nge7 7. O-O O-O 8. Nc3
d6 9. d3 h6 10. Nd2 Be6 11. a3 d5 12. cxd5 Nxd5 13. Nde4 b6 14. Rc1 Nd4 15. Nd2
Rc8 16. Nxd5 Bxd5 17. Bxd4 Bxg2 18. Kxg2 exd4 19. a4 Qd5+ 20. Kg1 Rfe8 21. Nc4
h5 22. h4 Re6 23. Rc2 Rce8 24. e4 dxe3 25. Nxe3 Qd7 26. Qf3 Bd4 27. Nd5 Rd6 28.
Nf4 Rf6 29. Re2 Rxe2 30. Qxe2 Kg7 31. Kg2 Qf5 32. Qe4 Qg4 33. f3 Qd7 34. Re1 Rd6
35. Qe7 Bc3 36. Re2 Qxe7 37. Rxe7 Bd2 38. Rxa7 Bxf4 39. gxf4 Rxd3 40. Rb7 Rxb3
41. a5 b5 42. a6 b4 43. Rc7 Ra3 44. Rxc5 Rxa6 45. Rb5 Ra2+ 46. Kg3 Rb2 47. f5 b3
48. fxg6 Kxg6 49. Rg5+ Kh6 50. Rf5 Kg6 51. Rg5+ Kh6 52. Rf5 Rb1 53. Kf4 Rc1 54.
Rf6+ Kg7 55. Rb6 Rc3 56. Kg5 Rxf3 57. Kxh5 Rg3 58. Rb5 Kf6 59. Kh6 Rg6+ 60. Kh7
Rg4 61. h5 Rg5 62. Rb6+ Ke5 63. h6 Rg3 64. Kh8 Kd4 65. h7 Kc3 66. Rxb3+ Kxb3 1/2-1/2

[Event "34th Leon Blitz Open 2021"]
[Site "chess.com INT"]
[Date "2021.07.07"]
[Round "1"]
[White "Tejedor Fuente, Enrique"]
[Black "Estremera Panos, Sergio"]
[Result "1-0"]
[WhiteTitle "IM"]
[BlackTitle "IM"]
[WhiteElo "2434"]
[BlackElo "2303"]
[WhiteFideId "2299100"]
[BlackFideId "2200864"]
[EventDate "2021.07.07"]

1. e4 c5 2. Nc3 Nc6 3. g3 g6 4. d3 Bg7 5. Be3 d6 6. Bg2 Rb8 7. Qd2 b5 8. Nge2 b4
9. Nd1 Qa5 10. O-O Nd4 11. Nc1 Nf6 12. h3 O-O 13. c3 bxc3 14. bxc3 Nc6 15. Bh6
Ba6 16. Bxg7 Kxg7 17. f4 Qb6 18. Kh2 Nd7 19. Rf2 Nf6 20. Ne3 h5 21. Bf3 e5 22.
Bg2 h4 23. g4 exf4 24. Rxf4 Qb2 25. Nc2 Ne5 26. a4 Nfd7 27. Ra2 Qb6 28. Ne3 Qd8
29. Rf2 g5 30. Nf5+ Kg6 31. Nxd6 Rb6 32. Nf5 Nf6 33. d4 Nexg4+ 34. hxg4 Nxg4+
35. Kg1 Nxf2 36. Qxf2 cxd4 37. Nxd4 Rb1 38. Qe3 Qf6 39. Rf2 Qe5 40. Bf1 Qg3+ 41.
Qxg3 hxg3 42. Rc2 Bb7 43. Bd3 Rc8 44. e5+ Kg7 45. Nf5+ Kf8 46. Nd6 Rc5 47. Nxb7
Rxb7 48. Ne2 Rxe5 49. Kg2 Rbe7 50. Nxg3 Re3 51. Bf1 Rc7 52. c4 Ra3 53. Ne4 Rxa4
54. Nxg5 Ra1 55. c5 a5 56. Ne4 a4 57. Bc4 a3 58. Kf3 Ra7 59. c6 a2 60. Nf2 Rf1
61. Bxa2 Ra3+ 62. Kg2 Ra1 63. c7 R1xa2 64. c8=Q+ Kg7 65. Qg4+ Kh7 66. Qh5+ Kg7
67. Qg5+ Kh7 68. Rc7 1-0